KOHA-Header-6

Security PLANNING and Disaster Recovery (Record no. 11001)

000 -LEADER
fixed length control field 00281nam a2200109Ia 4500
100 ## - MAIN ENTRY--AUTHOR NAME
Personal name Maiwald ,Eric
245 #0 - TITLE STATEMENT
Title Security PLANNING and Disaster Recovery
260 ## - PUBLICATION, DISTRIBUTION, ETC. (IMPRINT)
Place of publication New Delhi
Name of publisher Bantam Books
Year of publication 2000
300 ## - PHYSICAL DESCRIPTION
Number of Pages 1156
942 ## - ADDED ENTRY ELEMENTS (KOHA)
Koha item type Books

No items available.

Powered by Koha